00906nam a2200241Ia 450000500170000000800390001702000140005602000180007004000560008804100080014410000200015224501130017225000110028526000560029630000400035249000280039250400530042065000200047365000260049365000370051965000290055685600790058520211111081024.0130821s2009 enka fr 1 eng a415414296 a9780415414296 aCO-BoUCMbspacJose A. Gerena (modificó)d[Nuevo]00aeng1 aAcharya, Amitav10aConstructing a security community in southeast AsiacAmitav AcharyabASEAN and the problem of regional order a2nd ed aAbingdon (Oxfordshire, Inglaterra)bRoutledgec2009 axxiii, 322 páginasbilustraciones1 aPolitics in Asia series aIncluye referencias bibliográficas e índices04aCiencia militar04aDerecho internacional04aRelaciones internacionalesxAsia04aSeguridad nacionalxAsia42zTabla de Contenidouhttp://www.loc.gov/catdir/toc/ecip0828/2008041077.html